Statistiques concernant Le football

Cliquez ici pour prendre le quiz!

Statistiques générales

  • Ce quiz a été pris 65 fois
  • Le résultat moyen est 16 sur 32

Statistiques - réponses

Indice Joueur % Correct
Ballon d'or 2018 selon Thibault CourtoisEden Hazard
87%
Ancien joueur de Marseille dont Mimy Mathy n'a rien a envié à sa tailleMathieu Valbuena
87%
Joueur urugayen, cousin très éloigné de DraculaLuis Suarez
85%
Boucher madrilène dont la notion d'arbitrage lui parait étrangeSergio Ramos
81%
Joueur du Paris Saint-Germain entre 2016 et 2018, appelé "Rrrrrratem" par son entraineurHatem Ben Arfa
81%
Meilleur N°9 de l'histoire du PSGEdinson Cavani
81%
Plus grande noisette du football mondialKylian Mbappé
79%
Meilleur rapace de l'histoire du PSG, l'Aigle des AçoresPedro Miguel Pauleta
79%
Victime de ZZMarco Materazzi
77%
Le penseur de la glacièreMarcelo Bielsa
75%
Joueur ki joué pour 1 club alemend de Bave HierFranck Ribéry
74%
Ancien joueur de l'Olympique Lyonnais, receleur de films pour adultesKarim Benzema
68%
Troisième fils du ballon d'or de 1998Théo Zidane
64%
Il ne l'avait pas touchéBrandao
62%
Jeune rapace italien, animal nocturneMarco Petit Hibou Verratti
58%
Joueur dont la carrière est uniquement basé sur un commentaire de Grégoire MargottonBenjamin Pavard
55%
Pas ça Zinédine !Thierry Gilardi
55%
Argentin béni des Dieux dont la vista laisse songer qu'il voit le futurAngel Di Maria
51%
L'albatros phocéen, cousin très éloigné d'un des rois du footballYohann Pelé
42%
Plus jeune joueur à avoir foulé une pelouse de Ligue 1, il avait quinze ans, dix mois et cinq joursLaurent Paganelli
40%
Entraineur français comparé aux plus fins stratèges de ce sport fabuleuxPep Génésio
36%
Black PantherBafétimbi Gomis
34%
L'ange s'est envoléGrégory Coupet
23%
Grand spécialiste du "Football Circus" sur Canal+Stéphane Guy
23%
Joueur de l'Olympqie Lyonnais passeur décisif pour Zlatan IbrahimovicMapou Yanga M'biwa
23%
Les fans du club qu'il entraine veulent s'en débarasserRudi Garcia
13%
Plus grand front du football mondialGervinho
11%
Le seul joueur qui a de plus en plus de cheveux en vieillissantWayne Rooney
11%
Joueur très populaire chez les 3-6ansKaka
6%
Joueur français dont la carrière se résume à un tour de FranceBenjamin Nivet
4%
Arbitre vénal, cupide et sans aucun honneur dont la passion se résume à rencontrer ShakiraDeniz Aytekin
4%
Ses fans pensent qu'il mérite le ballon d'orNabil Fékir
4%

Distribution des résultats

Percentile by Number Answered

% des personnes avec chaque résultat

Votre développement - résultats

Vous n’avez pas pris ce quiz